00429nam a2200145Ia 4500008004100000020001800041041000800059082001800067100007300085245003100158250000600189260003700195300001200232650003900244210716s2014 xx 000 0 und d a9789351194026 aeng a621.3821 BINT aBinkley Jones, Timothy; Benoit, Adam; Perga, Massimo; Sync, Michael. aWindows phone 8 in action. a1 aNew DelhibDreamtech Pressc2014 axxi,473 aCommunication Network Architecture